000 00714nam a22002057a 4500
005 20251108171803.0
008 250721s1991 xx 000 0 ara d
082 1 4 _a813.9561/خطي
100 1 _aالخطيب، حسام
245 1 0 _aسبل المؤثرات الأجنبية و أشكالها في القصة السورية الحديثة /
250 _aط5
264 1 _aالقاهرة :
_bجامعة الدول العربية - معهد البحوث و الدراسات العربية،
_c1991.
300 _a151ص
650 1 7 _aالقصص العربية
650 1 7 _aالتاريخ الأدبي
650 1 7 _aالنقد الأدبي
650 1 7 _aسورية
942 _2ddc
_cBK
999 _c62508
_d62508